Quantitative genetics and biometrical techniques in plant breeding (Record no. 241361)
[ view plain ]
| 000 -LEADER | |
|---|---|
| fixed length control field | 00589nam a2200241Ia 4500 |
| 008 - FIXED-LENGTH DATA ELEMENTS--GENERAL INFORMATION | |
| fixed length control field | 150901s9999 xx 000 0 und d |
| 020 ## - INTERNATIONAL STANDARD BOOK NUMBER | |
| International Standard Book Number | 8127224545 |
| 041 ## - LANGUAGE CODE | |
| Language code of text/sound track or separate title | English |
| 082 ## - DEWEY DECIMAL CLASSIFICATION NUMBER | |
| Classification number | 519 |
| 082 ## - DEWEY DECIMAL CLASSIFICATION NUMBER | |
| Item number | NAD/QU |
| 100 ## - MAIN ENTRY--PERSONAL NAME | |
| Personal name | Gunasekaran M |
| 100 ## - MAIN ENTRY--PERSONAL NAME | |
| Personal name | Nadarajan N |
| 100 ## - MAIN ENTRY--PERSONAL NAME | |
| Relator term | Author |
| 245 ## - TITLE STATEMENT | |
| Title | Quantitative genetics and biometrical techniques in plant breeding |
| 260 ## - PUBLICATION, DISTRIBUTION, ETC. (IMPRINT) | |
| Place of publication, distribution, etc. | New Delhi |
| 260 ## - PUBLICATION, DISTRIBUTION, ETC. (IMPRINT) | |
| Name of publisher, distributor, etc. | Kalyani Publishers |
| 260 ## - PUBLICATION, DISTRIBUTION, ETC. (IMPRINT) | |
| Date of publication, distribution, etc. | 2008 |
| 300 ## - PHYSICAL DESCRIPTION | |
| Extent | 258 Pages |
| 365 ## - TRADE PRICE | |
| Price type code | Rs.150 |
| 650 ## - SUBJECT ADDED ENTRY--TOPICAL TERM | |
| Topical term or geographic name as entry element | Genetics |
| 650 ## - SUBJECT ADDED ENTRY--TOPICAL TERM | |
| Topical term or geographic name as entry element | Statistics |
| 942 ## - ADDED ENTRY ELEMENTS (KOHA) | |
| Koha item type | Books (General) |
| Withdrawn status | Lost status | Damaged status | Not for loan | Home library | Current library | Date acquired | Cost, normal purchase price | Total Checkouts | Full call number | Barcode | Date last seen | Date checked out | Price effective from | Koha item type |
|---|---|---|---|---|---|---|---|---|---|---|---|---|---|---|
| College of Agriculture, Vellanikkara | College of Agriculture, Vellanikkara | 26/11/2021 | 150.00 | 16 | 519 NAD/QU | KAU-COA-26670 | 23/02/2022 | 19/02/2022 | 16/09/2015 | Books (General) |
